[Event "South America-ch U10 17th"]
[Site "Guayaquil"]
[Date "2022.01.29"]
[Round "7"]
[White "Palomino Quispe, Mateo Henry"]
[Black "Vilca Contreras, Dante Ivan"]
[Result "1/2-1/2"]
[WhiteElo "1308"]
[BlackElo "1338"]
[PlyCount "73"]
[EventDate "2022.01.25"]
[EventType "swiss"]
[EventRounds "9"]
[EventCountry "ECU"]
[SourceTitle "CBM 206 Extra"]
[Source "ChessBase"]
[SourceDate "2022.03.31"]
[SourceVersion "1"]
[SourceVersionDate "2022.03.31"]
[SourceQuality "1"]

1. c4 c6 2. Nc3 d5 3. cxd5 cxd5 4. d4 Nf6 5. Nf3 Nc6 6. g3 e6 7. Bg2 Bd6 8. 0-0 0-0 9. Re1 a6 10. a3 Nd7 11. e4 dxe4 12. Nxe4 Nb6 13. Nxd6 Qxd6 14. Bf4 Qd7 15. Ne5 Nxe5 16. dxe5 Nd5 17. Bxd5 Qxd5 18. Qxd5 exd5 19. Rac1 Be6 20. Be3 Rfc8 21. Bd4 Rxc1 22. Rxc1 Rc8 23. Rc5 Rxc5 24. Bxc5 f5 25. exf6 gxf6 26. f3 Kf7 27. Kf2 Ke8 28. Ke3 Kd7 29. Kd4 h5 30. h4 Bf7 31. Bf8 b6 32. Bg7 Ke6 33. Bh6 Kd6 34. Bg7 Ke7 35. Bh6 Kd6 36. Bg7 Ke7 37. Bh6 1/2-1/2

[Event "South America-ch U10 17th"]
[Site "Guayaquil"]
[Date "2022.01.26"]
[Round "3"]
[White "Ulloa Centeno, Leandro Nicolas"]
[Black "Palomino Quispe, Mateo Henry"]
[Result "0-1"]
[WhiteElo "1446"]
[BlackElo "1308"]
[PlyCount "112"]
[EventDate "2022.01.25"]
[EventType "swiss"]
[EventRounds "9"]
[EventCountry "ECU"]
[SourceTitle "CBM 206 Extra"]
[Source "ChessBase"]
[SourceDate "2022.03.31"]
[SourceVersion "1"]
[SourceVersionDate "2022.03.31"]
[SourceQuality "1"]

1. d4 d5 2. Bf4 c5 3. e3 Nf6 4. c3 Qb6 5. Qb3 c4 6. Qxb6 axb6 7. Nd2 b5 8. Ngf3 e6 9. b4 Nc6 10. Be2 Be7 11. 0-0 0-0 12. Bd1 Nh5 13. Bc7 Bd8 14. Bxd8 Rxd8 15. a4 bxa4 16. Bxa4 Bd7 17. Rfc1 Nxd4 18. Bd1 Nb5 19. Ne5 Nf6 20. Nxd7 Nxd7 21. Ba4 Nxc3 22. Rxc3 b5 23. Rca3 Rxa4 24. Rxa4 bxa4 25. Rxa4 Rb8 26. Nb1 Nc5 27. Ra3 Nd3 28. b5 h5 29. Nc3 e5 30. Nxd5 Rxb5 31. Nc3 Rb2 32. Ra2 Rxa2 33. Nxa2 f5 34. Kf1 Kf7 35. Ke2 Ke6 36. f3 g5 37. Kd2 Kd5 38. e4+ fxe4 39. Nc3+ Kd4 40. Nxe4 g4 41. Nc3 gxf3 42. gxf3 Nf4 43. Ne4 Nd5 44. Ng5 c3+ 45. Kc2 Nb4+ 46. Kb3 c2 47. Kb2 Kd3 48. Ne4 Na2 49. Nc5+ Kc4 50. Nb3 c1Q+ 51. Nxc1 Nxc1 52. Kxc1 Kd3 53. f4 exf4 54. Kd1 Ke3 55. Ke1 Kf3 56. Kf1 h4 0-1

[Event "South America-ch U10 17th"]
[Site "Guayaquil"]
[Date "2022.01.25"]
[Round "1"]
[White "Reyes Zavaleta, Sergio Gabriel"]
[Black "Palomino Quispe, Mateo Henry"]
[Result "0-1"]
[WhiteElo "1035"]
[BlackElo "1308"]
[PlyCount "112"]
[EventDate "2022.01.25"]
[EventType "swiss"]
[EventRounds "9"]
[EventCountry "ECU"]
[SourceTitle "CBM 206 Extra"]
[Source "ChessBase"]
[SourceDate "2022.03.31"]
[SourceVersion "1"]
[SourceVersionDate "2022.03.31"]
[SourceQuality "1"]

1. d4 d5 2. Bf4 Nf6 3. e3 c5 4. c3 Nc6 5. Nd2 e6 6. Ngf3 h6 7. h3 Be7 8. Bd3 0-0 9. 0-0 c4 10. Bc2 b5 11. a3 Bd6 12. Bxd6 Qxd6 13. Re1 Bb7 14. e4 Qd7 15. e5 Ne8 16. Rb1 a5 17. a4 b4 18. cxb4 axb4 19. b3 c3 20. Nf1 Ba6 21. N1h2 Qe7 22. Qc1 f5 23. g3 Qa7 24. Qe3 Qe7 25. h4 Qf7 26. Qf4 Ne7 27. g4 Ng6 28. Qg3 f4 29. Qg2 Kh8 30. Kh1 Ne7 31. Kg1 Rg8 32. Qh3 g6 33. Kh1 Nc6 34. Kg1 Nc7 35. Kh1 Rac8 36. Rbd1 Na8 37. Rb1 Rg7 38. Kg1 Qa7 39. g5 Qe7 40. gxh6 Rgg8 41. Ng5 Nxd4 42. Bd3 Bxd3 43. Qxd3 Nf5 44. Ng4 Nxh4 45. Nf6 Rcf8 46. Qh3 Nf5 47. Qg2 Nc7 48. Nxg8 Rxg8 49. Nf3 g5 50. Kf1 g4 51. Ng1 g3 52. f3 Qc5 53. h7 Rg7 54. Re2 Nh4 55. Qh3 g2+ 56. Ke1 Qxg1# 0-1